Welcome to CU Library Online Public Access Catalogue (OPAC)

The McGraw-Hill civil engineering PE exam depth guide : (Record no. 8350)

MARC details
000 -LEADER
fixed length control field 01014cam a22002537a 4500
001 - CONTROL NUMBER
control field 12479382
005 - DATE AND TIME OF LATEST TRANSACTION
control field 20251122161154.0
008 - FIXED-LENGTH DATA ELEMENTS--GENERAL INFORMATION
fixed length control field 010723s2001 nyua 001 0 eng d
020 ## - INTERNATIONAL STANDARD BOOK NUMBER
International Standard Book Number 0071361839
020 ## - INTERNATIONAL STANDARD BOOK NUMBER
International Standard Book Number 9780071361835
050 00 - LIBRARY OF CONGRESS CALL NUMBER
Classification number TC157.5
Item number .N98 2001
082 00 - DEWEY DECIMAL CLASSIFICATION NUMBER
Classification number 627/.076
Edition information 21
100 1# - MAIN ENTRY--PERSONAL NAME
Personal name Nzewi, Emmanuel U.
245 14 - TITLE STATEMENT
Title The McGraw-Hill civil engineering PE exam depth guide :
Remainder of title water resources /
Statement of responsibility, etc. Emmanuel U. Nzewi.
260 ## - PUBLICATION, DISTRIBUTION, ETC.
Place of publication, distribution, etc. New York :
Name of publisher, distributor, etc. McGraw-Hill,
Date of publication, distribution, etc. c2001.
300 ## - PHYSICAL DESCRIPTION
Extent 1 v. (various pagings) :
Other physical details ill. ;
Dimensions 24 cm.
500 ## - GENERAL NOTE
General note Includes index.
650 #0 - SUBJECT ADDED ENTRY--TOPICAL TERM
Topical term or geographic name entry element Hydraulic engineering
Form subdivision Examinations, questions, etc.
650 #0 - SUBJECT ADDED ENTRY--TOPICAL TERM
Topical term or geographic name entry element Fluid mechanics
Form subdivision Examinations, questions, etc.
856 42 - ELECTRONIC LOCATION AND ACCESS
Materials specified Contributor biographical information
Uniform Resource Identifier <a href="http://www.loc.gov/catdir/bios/mh041/2001270084.html">http://www.loc.gov/catdir/bios/mh041/2001270084.html</a>
856 42 - ELECTRONIC LOCATION AND ACCESS
Materials specified Publisher description
Uniform Resource Identifier <a href="http://www.loc.gov/catdir/description/mh024/2001270084.html">http://www.loc.gov/catdir/description/mh024/2001270084.html</a>
856 41 - ELECTRONIC LOCATION AND ACCESS
Materials specified Table of contents
Uniform Resource Identifier <a href="http://www.loc.gov/catdir/toc/mh023/2001270084.html">http://www.loc.gov/catdir/toc/mh023/2001270084.html</a>
942 ## - ADDED ENTRY ELEMENTS (KOHA)
Source of classification or shelving scheme Library of Congress Classification
Koha item type Books
Suppress in OPAC No
999 ## -
-- 8350
-- 8350
Holdings
Withdrawn status Lost status Source of classification or shelving scheme Damaged status Not for loan Collection Home library Current library Shelving location Date acquired Total checkouts Full call number Barcode Date last seen Copy number Price effective from Koha item type
    Library of Congress Classification     Non-fiction Science Library (Miotso) Science Library (Miotso) General stacks 11/22/2025   TC157.5 .N98 NZE SLM00006057 11/22/2025 1 11/22/2025 Books
    Library of Congress Classification     Non-fiction Science Library (Miotso) Science Library (Miotso) General stacks 11/22/2025   TC157.5 .N98 NZE SLM00006058 11/22/2025 2 11/22/2025 Books
© 2023-2024 Copyright: Central University Libraries. All Rights Reserved | Created by: Mahone Tech Office